Analýza celných opatření ČR v zahraničním obchodě s komoditou víno
Analýza existujúcich colných opatrení v zahraničnom obchode ČR vzťahujúcich sa ku komodite víno. Česko pri komodite víno uplatňuje autonómne nástroje tarifné - clo, ako aj netarifné nástroje v podobe každoročne stanovovaných colných dovozných kvôt a obmedzení vychádzajúcich z legislatívnych predpiso...
Salvato in:
| Autore principale: | |
|---|---|
| Natura: | Capitolo di libro |
| Lingua: | ceco |
| Soggetti: | |
| Tags: |
Nessun Tag, puoi essere il primo ad aggiungerne!!
|
MARC
| LEADER | 00000naa$a2200000$$$4500 | ||
|---|---|---|---|
| 001 | 0022579 | ||
| 005 | 20221128121006.0 | ||
| 041 | 0 | |a cze | |
| 044 | |a SK | ||
| 245 | 1 | 0 | |a Analýza celných opatření ČR v zahraničním obchodě s komoditou víno |c Andrea Škorpíková |
| 520 | |a Analýza existujúcich colných opatrení v zahraničnom obchode ČR vzťahujúcich sa ku komodite víno. Česko pri komodite víno uplatňuje autonómne nástroje tarifné - clo, ako aj netarifné nástroje v podobe každoročne stanovovaných colných dovozných kvôt a obmedzení vychádzajúcich z legislatívnych predpisov. Okrem toho v rámci colných opatrení používa zmluvné nástroje obchodnej politiky, a to ako bilaterálneho tak i multilaterálneho charakteru. | ||
| 610 | 2 | 0 | |a obchod zahraničný |
| 610 | 2 | 0 | |a víno |
| 610 | 2 | 0 | |a Česko |
| 610 | 2 | 0 | |a clá |
| 610 | 2 | 0 | |a opatrenia |
| 610 | 2 | 0 | |a kvóty |
| 610 | 2 | 0 | |a dovoz |
| 610 | 2 | 0 | |a vývoz |
| 100 | 1 | |a Škorpíková, Andrea | |